000 00645nam a22002537a 4500
005 20231123130116.0
008 170831b2017 xxu||||| |||| 00| 0 spa d
020 _a9789977135762
041 _aESP
082 _a344.01 C169r2
100 _aCalvo Artavia, Katherine
100 _aVega Carvajal, Nohelia
_944075
245 _aReforma procesal laboral
250 _a2 edición
260 _aCosta Rica
260 _bEditorial Jurídica Faro
260 _c2017
300 _a447 páginas
650 _aCOSTA RICA
650 _aDERECHO LABORAL
650 _aREFORMA PROCESAL LABORAL
650 _aPROCESO LABORAL
942 _cBK
_2ddc
999 _c9824
_d9824